Be joyful; (Record no. 5903)

000 -LEADER
fixed length control field 00724cam a2200253 4500
001 - CONTROL NUMBER
control field 318071
003 - CONTROL NUMBER IDENTIFIER
control field OkBaRHE
005 - DATE AND TIME OF LATEST TRANSACTION
control field 20111014153117.0
008 - FIXED-LENGTH DATA ELEMENTS--GENERAL INFORMATION
fixed length control field 740904s1974 ilu 000 0 eng
010 ## - LIBRARY OF CONGRESS CONTROL NUMBER
LC control number 74076328
020 ## - INTERNATIONAL STANDARD BOOK NUMBER
International Standard Book Number 0882077058
040 ## - CATALOGING SOURCE
Original cataloging agency DLC
Transcribing agency DLC
Modifying agency DLC
050 00 - LIBRARY OF CONGRESS CALL NUMBER
Classification number BS 2705.3
Item number .W5
082 00 - DEWEY DECIMAL CLASSIFICATION NUMBER
Classification number 227/.6/07
100 1# - MAIN ENTRY--PERSONAL NAME
Personal name Wiersbe, Warren W.
9 (RLIN) 1534
245 10 - TITLE STATEMENT
Title Be joyful;
Remainder of title a practical study of Philippians
Statement of responsibility, etc [by] Warren W. Wiersbe.
260 ## - PUBLICATION, DISTRIBUTION, ETC. (IMPRINT)
Place of publication, distribution, etc Wheaton, Ill.,
Name of publisher, distributor, etc Victor Books
Date of publication, distribution, etc [1974]
300 ## - PHYSICAL DESCRIPTION
Extent 130 p.
Dimensions 18 cm.
350 ## - PRICE (NR) (BK AM CF MU VM SE) [OBSOLETE]
Price $1.75
490 0# - SERIES STATEMENT
Series statement An Input book
630 00 - SUBJECT ADDED ENTRY--UNIFORM TITLE
Uniform title Bible.
Name of part/section of a work N.T.
-- Philippians
General subdivision Commentaries.
9 (RLIN) 1535
906 ## - LOCAL DATA ELEMENT F, LDF (RLIN)
a 7
b cbc
c orignew
d 2
e opcn
f 19
g y-gencatlg
942 ## - ADDED ENTRY ELEMENTS (KOHA)
Source of classification or shelving scheme
Koha item type Books
Copies
Not for loan Current Location Copy number Source of classification or shelving scheme Shelving location Date acquired Full call number Total Checkouts Date checked out Lost status Koha item type Price effective from Date last seen Damaged status Permanent Location Barcode Withdrawn status
 RHEMA Bible Training College1 General Stacks2010-04-14BS 2705.3 .W512019-12-06 Books2010-04-142019-12-20 RHEMA Bible Training College3646 
 RHEMA Bible Training College2 General Stacks2011-10-14BS 2705.3 .W5   Books2011-10-142018-04-03 RHEMA Bible Training College22185